Critical issues in juvenile delinquency /

Bibliographic Details
Other Authors: Shichor, David, Kelly, Delos H.
Format: Book
Language:English
Published: Lexington, Mass. : Lexington Books, [1980]
Subjects:

MARC

Tag First Indicator Second Indicator Subfields
LEADER 00000pam a2200000 i 4500
001 in00000665707
005 20151015085911.0
008 790926s1980 mau b 00000 eng
010 |a  77018579  
020 |a 0669021032 
035 |a (OCoLC)05551090 
035 |9 ACY3686AM 
040 |a DLC  |c DLC  |d TXA  |d UtOrBLW 
043 |a n-us--- 
049 |a TXAM  |c [1385136] 
050 0 0 |a HV9104  |b .C74 
082 0 |a 364.36/0973 
245 0 0 |a Critical issues in juvenile delinquency /  |c edited by David Shichor, Delos H. Kelly. 
264 1 |a Lexington, Mass. :  |b Lexington Books,  |c [1980] 
264 4 |c ©1980 
300 |a vii, 347 pages ;  |c 24 cm. 
336 |a text  |b txt  |2 rdacontent 
337 |a unmediated  |b n  |2 rdamedia 
338 |a volume  |b nc  |2 rdacarrier 
504 |a Includes bibliographies and index. 
650 0 |a Juvenile delinquency  |z United States. 
650 0 |a Juvenile delinquency  |z United States  |x Prevention. 
650 0 |a Juvenile corrections  |z United States. 
700 1 |a Shichor, David. 
700 1 |a Kelly, Delos H. 
999 |a MARS 
999 f f |s bad57076-beb2-34cb-a33f-8729e5c6a865  |i 4832ed0d-1a49-335c-9436-26a9652f00f1  |t 0 
952 f f |p ric  |a Texas A&M University  |b Rellis Campus  |c Joint Library Facility  |d Remote Storage  |t 0  |e HV9104 .C74  |h Library of Congress classification  |i unmediated -- volume  |m A14803045886 
998 f f |a HV9104 .C74  |t 0  |l Remote Storage